| 000 | 00546nam a2200181Ia 4500 | ||
|---|---|---|---|
| 008 | 230714s9999 xx 000 0 und d | ||
| 020 | _a9790000000000 | ||
| 041 | _aeng | ||
| 082 |
_a371.713 _bSIN |
||
| 100 | _aSinha N.K. | ||
| 245 |
_aVerbal Ability And Reading Comprehension For CAT _bAlso Useful For Other MBA Entrance Examinations Like SNAP,XAT And IIFT |
||
| 250 | _a4th ed. | ||
| 260 |
_c2022 _bPearson |
||
| 300 | _a397 | ||
| 365 |
_cRs. _b650.00 |
||
| 700 | _aSinha N.K. | ||
| 906 |
_dO:0739923-Feb-2022B:03617-Feb-2022 _cGENRL _b975 |
||
| 999 |
_c227903 _d227903 |
||